| 000 | 00597nam a2200205 a 4500 | ||
|---|---|---|---|
| 005 | 20140310183511.0 | ||
| 008 | 101013s19uu xx 00 eng d | ||
| 020 | _a9781847874498 | ||
| 050 |
_aHV 965 _b.C33 2009 |
||
| 100 | _aCameron, R.J.(Sean) | ||
| 245 |
_aAchieving positive outcomes for children in care / _cR.J.(Sean) Cameron |
||
| 260 |
_aLondon : _bSage Pub, _c2009. |
||
| 300 |
_a161 p. : _bill. ; _c24 cm. |
||
| 521 | _aEDU | ||
| 650 | _aChildren-parenting-care. | ||
| 650 | _aaprenting-theories-practices. | ||
| 700 | _aMaginn, Colin | ||
| 942 |
_cBK _2lcc _kFOR |
||
| 999 |
_c24183 _d24183 |
||